Вып. 36; Вопросы химии и химической технологии

Bibliographic Details
Parent link:Вопросы химии и химической технологии: республиканский межведомственный научно-технический сборник/ Днепропетровский химико-технологический институт им. Ф. Э. Дзержинского; отв. ред. М. А. Лошкарев. Вып. 36.— , 1965-1991
Other Authors: Лошкарев М. А. (редактор)
Summary:Рефераты в конце сборника с. 1-10
Language:Russian
Published: Харьков, Вища школа, 1974
Subjects:
Format: MixedMaterials Book
KOHA link:https://koha.lib.tpu.ru/cgi-bin/koha/opac-detail.pl?biblionumber=675617

MARC

LEADER 00000nam2a2200000 4500
001 675617
005 20241017103313.0
035 |a (RuTPU)RU\TPU\book\313743 
090 |a 675617 
100 |a 20241017d1974 k||y0rusy5003 ca 
101 0 |a rus 
102 |a UA 
105 |a a z 001zy 
181 0 |a i   |b  e  
182 0 |a n 
183 0 |a nc  |2 RDAcarrier 
200 0 |a Вып. 36  |f отв. ред. М. А. Лошкарев 
210 |a Харьков  |c Вища школа  |c Изд-во при Харьковском ун-те  |d 1974 
215 |a 153 с. 
283 |a volume 
320 |a Библиография в конце статей 
330 |a Рефераты в конце сборника с. 1-10 
461 1 |0 (RuTPU)RU\TPU\book\110873  |t Вопросы химии и химической технологии  |o республиканский межведомственный научно-технический сборник  |f Днепропетровский химико-технологический институт им. Ф. Э. Дзержинского; отв. ред. М. А. Лошкарев  |v Вып. 36  |d 1965-1991 
606 |a Химия  |2 stltpush  |3 (RuTPU)RU\TPU\subj\17362  |9 43035 
606 |a Химическая технология  |x Общие вопросы  |2 stltpush  |3 (RuTPU)RU\TPU\subj\68259  |9 83693 
610 1 |a адсорбция 
610 1 |a ингибиторы 
610 1 |a четырехзамещенный аммоний 
610 1 |a катодное выделение 
610 1 |a торможение 
610 1 |a разряд 
610 1 |a кулоностатические методы 
610 1 |a амальгамный электрод 
610 1 |a восстановление 
610 1 |a осаждение 
610 1 |a цинк 
610 1 |a коррозионные процессы 
610 1 |a наводороживание 
610 1 |a сталь 
610 1 |a прессформы 
610 1 |a полирование 
610 1 |a стеклоизделия 
610 1 |a гидроокись магния 
610 1 |a устойчивость 
610 1 |a шлаковые стекла 
610 1 |a эпоксидирование 
610 1 |a вулканизация 
610 1 |a экстраполяция 
610 1 |a коксование 
610 1 |a свойства 
610 1 |a гудрон 
610 1 |a хлорирование 
610 1 |a пекококсовые печи 
610 1 |a отопительная система 
610 1 |a аренопласты 
610 1 |a шихта 
675 |a 54  |v 3 
675 |a 66  |v 3 
702 |4 340  |a Лошкарев  |b М. А. 
801 0 |a RU  |b RuMRKP  |c 20241017  |g psbo 
801 1 |a RU  |b 63413507  |c 20241017 
801 2 |a RU  |b 63413507  |c 20241017  |g RCR 
850 |a 63413507 
942 |c CR